Given Anime quiz - Statistics

General Stats
  • This quiz has been taken 12 times
  • The average score is 11 of 25
Answer Stats
Soundtrack Band Answer % Correct
Live at KT Zepp Yokohama (2024.11.10) Centimillimental, Given, Syh 冬のはなし -collab ver.- (Fuyunohanashi collab version)
88%
Given Anime season 1 Given 冬のはなし (Fuyunohanashi)
88%
Album Track Centimillimental 冬のはなし (Fuyunohanashi)
88%
Album Track Given / Centimillimental 冬のはなし -Orchestra ver.- (Fuyunohanashi orchestra version)
88%
Given The Movie 3: To The Sea Given 冬のはなし -with 立夏- (Fuyunohanashi with Ritsuka version)
88%
Given The Movie Given 夜が明ける (Yorugaakeru)
63%
Album Track Centimillimental 夜が明ける (Yorugaakeru)
63%
Live at KT Zepp Yokohama (2024.11.10) Centimillimental, Given, Syh キヅアト -collab ver.- (Kizuato collab version)
50%
Live at KT Zepp Yokohama (2024.11.10) Centimillimental, Given, Syh 海へ -collab ver.- (umihe collab version)
50%
Given Anime season 1 Centimillimental キヅアト (Kizuato)
50%
Given The Movie 3: To The Sea Syh 海へ (umihe)
50%
Album Track Centimillimental 海へ (umihe)
50%
Given The Movie 3: To The Sea Centimillimental 結言 (Yuigon)
50%
Album Track Given / Centimillimental へたくそ (Hetakuso)
38%
Given The Movie 2: Hiiragi Mix Syh パレイド (Parade)
38%
Album Track Centimillimental パレイド (Parade)
38%
Given The Movie 2: Hiiragi Mix Centimillimental スーパーウルトラ I LOVE YOU (Super Ultra I LOVE YOU)
25%
Album Track Syh / Centimillimental ストレイト (Straight)
25%
Given The Movie Centimillimental 僕らだけの主題歌 (Bokuradakenoshudaika)
13%
Given Anime season 1 Given まるつけ (Marutsuke)
13%
Given Anime season 1 Centimillimental まるつけ (Marutsuke) -piano ver.-
13%
Album Track Given / Centimillimental ステージから君に捧ぐ (Stagekara kiminisasagu)
13%
Given OVA: On the other hand Given うらがわの存在 (Uragawanosonzai)
13%
Album Track Centimillimental うらがわの存在 (Uragawanosonzai)
13%
Given Anime season 1 Centimillimental session / the seasons
0%
No matching quizzes found
Score Distribution
Percent of People with Each Score
Percentile by Number Answered
Your Score History
You have not taken this quiz